000 00665nam a22001937a 4500
005 20240925153110.0
010 _aENG-141780
020 _a9789359640365
_c495.00
035 _aEN-125312
037 _bDBAD
082 _a342.73082
100 _aKorrapati, Raghu
_971967
245 _aFamily-Based Green Card & Citizenship:
_bUniting Families Across Cultures/
_cBy Raghu Korrapati
250 _a1
260 _aNew Delhi
_bDiamond Pocket Books
_c2024
270 _aX- 30, Okhla Industrial Area, Phase-II
_bNew Delhi
_e110020
_mwecare@diamondbooks.in
_k011-40712100
_k011-41611861
300 _a326p.
_c22cm(pb)
942 _2ddc
_cEN
_h342.73082
_mKOR
999 _c205897
_d205897